Stato e automazione
محفوظ في:
| المؤلف الرئيسي: | |
|---|---|
| التنسيق: | كتاب |
| اللغة: | Undetermined |
| منشور في: |
Paris
Etas Kompass Libri
1974
|
| الموضوعات: | |
| الوسوم: |
إضافة وسم
لا توجد وسوم, كن أول من يضع وسما على هذه التسجيلة!
|
| Thư viện lưu trữ: | Trung tâm Học liệu Trường Đại học Cần Thơ |
|---|
| LEADER | 00566nam a2200205Ia 4500 | ||
|---|---|---|---|
| 001 | CTU_99061 | ||
| 008 | 210402s9999 xx 000 0 und d | ||
| 082 | |a 621.38 | ||
| 082 | |b L879 | ||
| 100 | |a Losano, Mario G. | ||
| 245 | 0 | |a Stato e automazione | |
| 245 | 0 | |c Mario G. Losano | |
| 260 | |a Paris | ||
| 260 | |b Etas Kompass Libri | ||
| 260 | |c 1974 | ||
| 650 | |a Electronic industries,Industrial policy,Public administration | ||
| 650 | |x Data processing | ||
| 650 | |z Japan,Japan | ||
| 904 | |i Truc | ||
| 980 | |a Trung tâm Học liệu Trường Đại học Cần Thơ | ||